Combined answer book for calculus third an fourth editions

Αποθηκεύτηκε σε:
Λεπτομέρειες βιβλιογραφικής εγγραφής
Κύριος συγγραφέας: Spivak, Michael
Μορφή: Βιβλίο
Γλώσσα:English
Δημοσίευση: Houston : Publish or Perish Inc, c2008.
Θέματα:
Ετικέτες: Προσθήκη ετικέτας
Δεν υπάρχουν, Καταχωρήστε ετικέτα πρώτοι!

MARC

LEADER 00000nam a2200000 a 4500
001 1/127277
008 230915t2008####us | ||| |||| ||eng||
020 |a  9780914098928 
040 |a GR-MyUa  |b gre  |c GR-MyUa  |e AACR2 
041 0 |a eng 
082 7 |a 515  |2 (23) 
100 1 |a Spivak, Michael. 
245 1 0 |a Combined answer book for calculus third an fourth editions /   |c Michael Spivak.  
260 |a Houston :   |b Publish or Perish Inc,   |c c2008.  
300 |a 448 σ. :   |b σχέδια, ;   |c 23 εκ.  
500 |a For use with third edition of calculus see the Appendix on page 430.  
650 0 |a Calculus. 
852 |a INST  |b SAMOS  |e 20230914  |h 515 SPI  |p 005300047767  |q 005300047767  |t BK  |y 0 
970 |a Φιλιππή  |b Φάλη  |z 15-09-2023